000 00598nam a2200181Ia 4500
008 100920s9999 xx 000 0 und d
082 _b71906
_a891.463.1 थ 97
100 _aदुर्वे लालू.
245 _aकॉल ऑफ द टायगर.
260 _bआरती प्रकाशन, डोंबिवली (प).
_c1997
300 _a189
_bसाधी
365 _b100
520 _aलघुकथा.
630 _aकॉल ऑफ द टायगर.
650 _aलघुकथा.
730 _aकॉल ऑफ द टायगर.
942 _cBOOK
999 _c713749
_d713746